| 000 | 00515nam a22001697a 4500 | ||
|---|---|---|---|
| 999 |
_c15331 _d15331 |
||
| 082 |
_a631.56 _bABD/DE |
||
| 100 |
_aABDULLA HASHIM, P. A _92984 |
||
| 245 | _aDesign fabrication and testing of a solar cabinet drier for spices | ||
| 260 |
_aTavanur _bKelappaji College of Agricultural Engineering and Technology _c1991 |
||
| 300 | _a60 | ||
| 500 | _aproject report | ||
| 520 | _aproject report | ||
| 650 |
_aproject report _92985 |
||
| 700 |
_aJoby Joseph _92989 |
||
| 700 |
_aMohammed Shafi, M _92990 |
||
| 942 | _cPR | ||